| 000 | 00664nam 22002173 4500 | ||
|---|---|---|---|
| 001 | 201927 | ||
| 010 | _a972-8351-87-9 | ||
| 021 |
_aPT _b219 758/04 |
||
| 090 | _a201927 | ||
| 100 | _a20260423d u||y0pory50 ba | ||
| 200 |
_aGogh, uma orelha sem mestre _fPaulo da Costa Domingos |
||
| 210 |
_aLisboa _cFrenesi _d1974 |
||
| 215 |
_a41, [6] p. _cil. ; brochado _d17 cm |
||
| 300 | _aContém dedicatória na folha de rosto | ||
| 304 | _anova versão | ||
| 606 |
_923 _aLiteratura Portuguesa _xPoesia |
||
| 675 |
_a821.134.3-1"19" _vPT _zpor |
||
| 700 |
_917174 _aDomingos _bPaulo da Costa _f1953- |
||
| 801 |
_aPT _bBMMN _gRPC |
||
| 830 |
_cAna Falardo _fAna Falardo |
||
| 990 | _cLIVROS | ||